| 000 | 00713nam a22002297a 4500 | ||
|---|---|---|---|
| 999 |
_c13883 _d13883 |
||
| 003 | AR-CdUCM | ||
| 008 | 190416b ||||| |||| 00| 0 spa d | ||
| 040 |
_aMUNICIPALIDAD PROVINCIAL DEL CUSCO _cBIBLIOTECA MUNICIPAL DEL CUSCO |
||
| 082 |
_a985.612 / _bR24 |
||
| 100 |
_aRamos Condori, Fidel _932486 |
||
| 245 |
_aSaqsaywaman : _bSantuario andino / |
||
| 260 |
_aCusco : _c1981. |
||
| 300 |
_a20 paginas ; _bIlustraciones, _c21 cm. |
||
| 500 | _aDedicatoria | ||
| 505 | _aContenido : Saqsaywaman | ||
| 650 |
_aComplejos arqueologico _932487 |
||
| 650 |
_aHistoria de saqsaywaman _932488 |
||
| 650 |
_aCusco _9772 |
||
| 650 |
_aArqueologÃa peruana _91476 |
||
| 942 |
_2ddc _cLIBROS |
||
| 945 |
_awnts _d2019-04-16 |
||